000 00676nam a2200229Ia 4500
003 OSt
005 20221007063531.0
006 a|||||r|||| 00| 0
007 ta
008 221006b |||||||| |||| 00| 0 eng d
024 _a27,116
037 _cReports / Technical Reports
040 _aFLL
_cFLL
_beng
041 _2eng
_aeng
082 _aZ2qk, G8.4
100 _aBahadur Sapru Sir Tej
_9684443
245 0 _aGenera; acts and codes of India
260 _aCalcutta
_bButterowrth & Co. (India) Ltd. India
_c1938
300 _acxxxi,1-674p
_ccm.
942 _hZ2qk, G8.4
_cREP
_2CC
999 _c1131483
_d1131483